000 00497nam a2200193 a 4500
001 10764
003 CO-ViMGA
008 141112s2004 ck r 000 u spa d
020 _a9586331997
040 _aCO-ViMGA
_bspa
_cCO-ViMGA
082 0 4 _a915 P65l
100 1 _aPolo, Marco
_914727
245 1 0 _aLibro de las maravillas
260 _aBogotá Rei Andes 1993.
300 _a523.p.il.
650 1 4 _aASIA - DESCRIPCIONES Y VIAJES
_914728
650 1 4 _aLITERATURA JUVENIL
_9314
942 _2ddc
_cBK
999 _c22014
_d22014